000 00924nam a2200217 a 4500
001 BRL_1354
005 20190320211150.0
008 080114s1992----mx-a######---#000-0#spa-#
020 _a9686492534
041 _aspa
044 _amx
050 4 _aF1391.T9
_b.M37 1992
100 1 _aMartínez V., Manuel de J.
_d1913-2012
_q(Manuel de Jesús Martínez Vázquez)
_926621
245 1 0 _aTuxtla en las primeras décadas del siglo XX
_bBrujos y visiones de mi tierra
_cManuel de J. Martínez V.
260 _aTuxtla Gutiérrez, Chiapas
_bGobierno del Estado de Chiapas, Consejo Estatal de Fomento a la Investigación y Difusión de la Cultura, DIF-Chiapas/Instituto Chiapaneco de Cultura
_c1992
300 _a104 p.
_bil.
_c22 cm.
651 4 _aTuxtla Gutiérrez (México)
_xHistoria
_926622
651 4 _aTuxtla Gutiérrez (México)
_xVida social y costumbres
_926623
740 0 _aBrujos y visiones de mi tierra
942 _2lcc
_cB
999 _c10166
_d10166